000 00294nam a22001337a 4500
008 171031b xxu||||| |||| 00| 0 eng d
020 _a9780697797698
041 _aeng
080 _a33
100 _a59
101 _aBUS
245 _aBUSSINESS ADMINISTRATION
_cANDERSON.J
942 _2udc
_cBK
999 _c36841
_d36841